[Event "IECG CB.2004.0.00122 email"]
[Site "IECG email"]
[Date "2004.09.15"]
[Round "?"]
[White "Kelly, Michael"]
[Black "Andersen, Henrik N"]
[Result "0-1"]
[WhiteElo "1800"]
[BlackElo "1926"]
[PlyCount "116"]
[EventDate "2004.09.15"]
[EventType "tourn (corr)"]
[EventRounds "6"]
[SourceTitle "Corr 2008"]
[Source "ChessBase"]
[SourceDate "2008.06.24"]
[SourceVersion "1"]
[SourceVersionDate "2008.06.24"]
[SourceQuality "1"]

1. c4 Nf6 2. d4 g6 3. Nc3 Bg7 4. e4 d6 5. Nf3 0-0 6. Be2 e5 7. d5 a5 8. Bg5 h6 9. Bh4 Na6 10. Nd2 h5 11. Bg5 Qe8 12. 0-0 Bd7 13. b3 Nh7 14. Be3 f5 15. exf5 gxf5 16. Bxh5 Qe7 17. Bg6 f4 18. Qh5 Nf6 19. Qh4 Bh8 20. Nde4 Qg7 21. Qg5 fxe3 22. fxe3 Ng4 23. Rae1 Nc5 24. Nxc5 dxc5 25. Ne4 Qh6 26. Qxh6 Nxh6 27. Nxc5 Bc8 28. Rxf8+ Kxf8 29. Rf1+ Ke7 30. h3 Bxh3 31. Nxb7 Bc8 32. Nc5 Bg7 33. Kf2 Bg4 34. Ke1 Rf8 35. Nb7 a4 36. bxa4 Rb8 37. Be4 Nf7 38. c5 Ng5 39. Na5 Bd7 40. Bc2 Rb2 41. d6+ Kd8 42. Rf2 cxd6 43. cxd6 e4 44. Kd1 Ke8 45. Nc4 Rxa2 46. Nb6 Bc3 47. Rf4 Be6 48. Kc1 Ra1+ 49. Bb1 Ba5 50. Nd5 Kd7 51. Nc7 Bc4 52. Kb2 Rxa4 53. Bxe4 Nxe4 54. Rxe4 Kxd6 55. Ne8+ Kc5 56. Re5+ Kc6 57. Rg5 Ra2+ 58. Kb1 Bc3 0-1